000 00555 a2200205 4500
005 20260203161312.0
008 260203b |||||||| |||| 00| 0 eng d
020 _a9789388269704
_cRs.1200.00
040 _aMAIN
082 _a796.070245195
_bK959A
100 _aKulbir Singh, ed.
245 _aApplied statistics in physical education and sports
260 _bSports Publication
_c2026
_aNew Delhi
300 _a320
440 _aM.P.ED. Series
650 _aPhysical Education
650 _aSports
650 _aStatistics-Sports
942 _cBK
999 _c394066
_d394066